[Event "SR 5. liga SE-SI 2015/2016"]
[Site "?"]
[Date "2017.03.04"]
[Round "8.4"]
[White "Damborsky, Pavol"]
[Black "Sladek, Michal"]
[Result "1/2-1/2"]
[WhiteElo "1651"]
[BlackElo "1388"]
[PlyCount "112"]
[EventDate "2016.??.??"]

1. e4 e5 2. Nf3 Nc6 3. Bc4 Bc5 4. Nc3 a6 5. a3 d6 6. d3 Bg4 7. Bxf7+ Kd7 8. Bd5
Nge7 9. Bg5 Qf8 10. Bxe7 Qxe7 11. Bxc6+ Kxc6 12. Nxe5+ Qxe5 13. Qxg4 Qf6 14. f4
Bd4 15. Nd5 Qf7 16. c3 Ba7 17. d4 b6 18. Qe2 Kb7 19. O-O c6 20. Nb4 Bb8 21.
Rac1 Re8 22. Qf3 a5 23. Nd3 Ba7 24. b4 a4 25. c4 b5 26. c5 Rad8 27. e5 Qb3 28.
exd6 Qxa3 29. Ne5 Qxf3 30. Rxf3 Rf8 31. g3 Bb8 32. Re1 Rde8 33. Rfe3 Re6 34.
Nd7 Rxe3 35. Rxe3 Rf7 36. Re7 Rf5 37. Nb6+ Ka6 38. Nc8 Rd5 39. d7 Rxd4 40. Nd6
Bc7 41. Re8 Ka7 42. d8=Q Bxd8 43. Rxd8 Rxb4 44. Rd7+ Ka8 45. Rc7 a3 46. Rxc6
Ra4 47. Rc8+ Ka7 48. Nxb5+ Kb7 49. Rc7+ Kb8 50. Rd7 a2 51. Rd1 a1=Q 52. Rxa1
Rxa1+ 53. Kg2 Rc1 54. Nd4 Rxc5 55. Ne6 Rc2+ 56. Kh3 g6 1/2-1/2

[Event "SR 5. liga SE-SI 2015/2016"]
[Site "?"]
[Date "2017.03.04"]
[Round "8.4"]
[White "Daniel, Dusan"]
[Black "Dubecky, Ladislav"]
[Result "0-1"]
[WhiteElo "1503"]
[BlackElo "1610"]
[PlyCount "42"]
[EventDate "2016.??.??"]

1. e4 e5 2. Nf3 d6 3. h3 Nf6 4. d3 Be6 5. Bg5 Be7 6. c3 Qd7 7. d4 exd4 8. cxd4
Nxe4 9. Bxe7 Qxe7 10. Nbd2 Nxd2 11. Qxd2 Bxa2+ 12. Qe2 Qxe2+ 13. Bxe2 Bd5 14.
O-O O-O 15. Rfe1 Nc6 16. Bb5 Bxf3 17. gxf3 Nxd4 18. Be2 Nc2 19. Rec1 Nxa1 20.
Rxa1 Rfe8 21. Bd3 Re5 0-1

[Event "SR 5. liga SE-SI 2015/2016"]
[Site "?"]
[Date "2017.03.04"]
[Round "8.4"]
[White "Pisecky, Jan"]
[Black "Datko, Jan"]
[Result "1-0"]
[WhiteElo "1322"]
[BlackElo "1190"]
[PlyCount "51"]
[EventDate "2016.??.??"]

1. e4 e5 2. Bc4 Bc5 3. Nf3 Nc6 4. d3 h6 5. a3 d6 6. c3 Bg4 7. h3 Bxf3 8. Qxf3
Qf6 9. Qg3 a5 10. f4 g6 11. Rf1 Qe7 12. f5 g5 13. Qf3 Nf6 14. Bb5 O-O-O 15.
Bxc6 bxc6 16. b4 Bb6 17. Be3 a4 18. c4 c5 19. Nc3 Qd7 20. Qd1 cxb4 21. axb4
Bxe3 22. Rxa4 c6 23. Qa1 Qc7 24. c5 Nd7 25. Ra7 dxc5 26. Qa6+ 1-0

[Event "SR 5. liga SE-SI 2015/2016"]
[Site "?"]
[Date "2017.03.18"]
[Round "9.1"]
[White "Zlamal, Marek"]
[Black "Cerovsky, Marian"]
[Result "1-0"]
[WhiteElo "1827"]
[BlackElo "1803"]
[PlyCount "46"]
[EventDate "2016.??.??"]

1. d4 d5 2. e3 Nc6 3. c4 Nf6 4. Nc3 a6 5. a4 Bf5 6. a5 e6 7. c5 Nb4 8. Qa4+ Nc6
9. Nf3 Qd7 10. Be2 h6 11. b4 Na7 12. Qb3 c6 13. Ne5 Qc7 14. O-O Be7 15. Na4 Nc8
16. Nb6 Nxb6 17. axb6 Qc8 18. Bb2 Nd7 19. Nxd7 Qxd7 20. b5 O-O 21. bxa6 e5 22.
Ra5 Rfe8 23. Rfa1 Qd8 1-0

[Event "SR 5. liga SE-SI 2015/2016"]
[Site "?"]
[Date "2017.03.18"]
[Round "9.1"]
[White "Damborsky, Pavol"]
[Black "Svrcek, Daniel"]
[Result "1-0"]
[WhiteElo "1651"]
[BlackElo "1299"]
[PlyCount "89"]
[EventDate "2016.??.??"]

1. e4 e6 2. d4 d5 3. e5 c5 4. c3 Nc6 5. Nf3 Bd7 6. Bd3 Qb6 7. Bc2 cxd4 8. cxd4
Bb4+ 9. Nc3 Nge7 10. a3 Bxc3+ 11. bxc3 O-O 12. O-O Rac8 13. Bd2 Ng6 14. Rb1 Qc7
15. Ng5 Nce7 16. Qh5 h6 17. Nh3 Nf5 18. Bxf5 exf5 19. f4 Nh8 20. Rb4 Qc6 21.
Rfb1 b6 22. Nf2 Qg6 23. Qxg6 Nxg6 24. g3 Rc7 25. Nd1 Rfc8 26. R1b3 Ne7 27. Ne3
Kf8 28. a4 Kg8 29. Ra3 Ra8 30. a5 Rb7 31. axb6 Bc6 32. Rxa7 Raxa7 33. bxa7 Rxa7
34. Kf2 g6 35. c4 dxc4 36. Nxc4 Nd5 37. Rb2 Ra4 38. Ne3 Rxd4 39. Nxd5 Rxd5 40.
Bc3 Rc5 41. Bd4 Rc4 42. Ke3 Be4 43. Rb8+ Kg7 44. e6+ Kh7 45. Rh8# 1-0

[Event "SR 5. liga SE-SI 2015/2016"]
[Site "?"]
[Date "2017.03.18"]
[Round "9.1"]
[White "Horak, Viliam"]
[Black "Dubecky, Ladislav"]
[Result "0-1"]
[WhiteElo "1221"]
[BlackElo "1610"]
[PlyCount "92"]
[EventDate "2016.??.??"]

1. d4 Nf6 2. c4 e6 3. Nc3 Bb4 4. Bg5 Bxc3+ 5. bxc3 h6 6. Bh4 g5 7. Bg3 Ne4 8.
Qd3 f5 9. f3 Nxg3 10. hxg3 d6 11. g4 Qe7 12. gxf5 exf5 13. d5 Qe5 14. e4 Nd7
15. Ke2 Nc5 16. Qd4 f4 17. Qxe5+ dxe5 18. g4 fxg3 19. Bh3 h5 20. Bxc8 Rxc8 21.
Nh3 Rg8 22. Ng1 h4 23. Ke3 Na4 24. Kd2 Nb2 25. c5 Na4 26. c6 bxc6 27. dxc6 Rb8
28. Rc1 Ke7 29. Ne2 Rgd8+ 30. Ke3 Rb2 31. Rhd1 Rxd1 32. Rxd1 Rxe2+ 33. Kxe2
Nxc3+ 34. Ke1 Nxd1 35. Kxd1 Kd6 36. Ke1 h3 37. Kf1 Kxc6 38. Kg1 Kc5 39. a3 Kd4
40. f4 gxf4 41. a4 c5 42. a5 c4 43. a6 c3 44. Kf1 Kd3 45. Ke1 h2 46. Kd1 h1=Q#
0-1

[Event "SR 5. liga SE-SI 2015/2016"]
[Site "?"]
[Date "2017.03.18"]
[Round "9.1"]
[White "Pisecky, Jan"]
[Black "Stefko, Martin"]
[Result "1-0"]
[WhiteElo "1322"]
[BlackElo "1000"]
[PlyCount "59"]
[EventDate "2016.??.??"]

1. e4 e5 2. Bc4 Qe7 3. Nc3 Nf6 4. d3 d6 5. Bg5 c6 6. a3 Be6 7. Bxe6 Qxe6 8. Qf3
Nbd7 9. Nge2 O-O-O 10. h3 Nb6 11. Ng3 d5 12. O-O Rd7 13. Bxf6 gxf6 14. Nf5 Rg8
15. Qh5 Rh8 16. b4 d4 17. Na2 c5 18. bxc5 Bxc5 19. Nb4 Na4 20. Ng7 Qd6 21. Nf5
Qb6 22. Nd5 Qb2 23. Nxf6 Rc7 24. Nd5 Rd7 25. Qg4 Qxc2 26. Nf6 Bxa3 27. Nxd7 Bb2
28. Nxe5 Bxa1 29. Nxd4+ Kd8 30. Qd7# 1-0

[Event "SR 5. liga SE-SI 2015/2016"]
[Site "?"]
[Date "2017.03.18"]
[Round "9.1"]
[White "Stefko, Filip"]
[Black "Blanarik, Dominik"]
[Result "0-1"]
[WhiteElo "1000"]
[BlackElo "1526"]
[PlyCount "56"]
[EventDate "2016.??.??"]

1. e4 e6 2. d4 Nc6 3. Nf3 Nf6 4. d5 exd5 5. exd5 Nb4 6. Qe2+ Qe7 7. Bg5 Nxc2+
8. Kd1 Qxe2+ 9. Bxe2 Nxa1 10. Bd3 Nxd5 11. Re1+ Be7 12. Bc4 f6 13. Bh4 Nf4 14.
Ng5 d5 15. Bb5+ c6 16. g3 fxg5 17. Bxg5 Ng6 18. Nc3 Bg4+ 19. f3 Bxf3+ 20. Be2
Bxg5 21. Bxf3+ Ne7 22. Nxd5 cxd5 23. Bxd5 O-O-O 24. Ke2 Rxd5 25. Rc1+ Bxc1 26.
Kf3 Rf8+ 27. Ke4 Nc2 28. g4 Rf4# 0-1

[Event "SR 5. liga SE-SI 2015/2016"]
[Site "?"]
[Date "2017.03.18"]
[Round "9.2"]
[White "Ralbovsky, Dominik"]
[Black "Kaufman, Robert"]
[Result "0-1"]
[WhiteElo "1000"]
[BlackElo "1332"]
[PlyCount "124"]
[EventDate "2016.??.??"]

1. e4 e5 2. Nf3 Nc6 3. Bb5 a6 4. Ba4 b5 5. Bb3 Bc5 6. Qe2 Nf6 7. Nc3 d6 8. d3
h6 9. Be3 Bg4 10. Bxc5 dxc5 11. Qe3 Bxf3 12. Qxf3 Nd4 13. Qd1 c6 14. O-O O-O
15. Ne2 Qd6 16. Ng3 a5 17. a3 a4 18. Ba2 b4 19. Bc4 Rfb8 20. Nf5 Nxf5 21. exf5
Qd4 22. Rb1 e4 23. Qe2 Re8 24. Qe3 Qxe3 25. fxe3 exd3 26. cxd3 Rxe3 27. h3 Nd5
28. Rbe1 Rae8 29. Rxe3 Rxe3 30. Kf2 Re5 31. g4 bxa3 32. bxa3 Nc3 33. Kg3 Ne2+
34. Kf2 Nd4 35. Rb1 Re2+ 36. Kg3 Kf8 37. Rb7 Re3+ 38. Kg2 Re7 39. Rb1 Re2+ 40.
Kg3 Ke7 41. Rb7+ Kd6 42. Rxf7 Re3+ 43. Kg2 Ke5 44. Re7+ Kf4 45. Rxe3 Kxe3 46.
Kg3 Nc2 47. g5 hxg5 48. Kg4 Nxa3 49. Kxg5 Nxc4 50. Kg6 Nd6 51. h4 a3 52. h5
Nxf5 53. Kxf5 a2 54. Kg6 a1=Q 55. Kf7 Qf6+ 56. Kg8 g5 57. hxg6 Qxg6+ 58. Kh8
Qg5 59. d4 Kf4 60. dxc5 Kf5 61. Kh7 Kf6 62. Kh8 Qg7# 0-1

[Event "SR 5. liga SE-SI 2015/2016"]
[Site "?"]
[Date "2017.03.18"]
[Round "9.2"]
[White "Oslej, Marek"]
[Black "Hyza, Richard"]
[Result "0-1"]
[WhiteElo "1169"]
[BlackElo "1383"]
[PlyCount "68"]
[EventDate "2016.??.??"]

1. e4 e5 2. Nf3 Nc6 3. Bc4 Bc5 4. c3 Nf6 5. d4 exd4 6. cxd4 Bb6 7. Bg5 Ne7 8.
Nc3 c6 9. Qb3 d5 10. exd5 cxd5 11. Nxd5 Nfxd5 12. Bxd5 Qxd5 13. Qe3 Bd8 14. O-O
Qd7 15. Rfe1 f6 16. Bf4 O-O 17. Qb3+ Nd5 18. Rac1 b6 19. Bg3 Bb7 20. h3 Rc8 21.
Rcd1 Bc7 22. Bh2 Bxh2+ 23. Kxh2 Qc7+ 24. Kg1 Qc2 25. Qa3 Rfe8 26. Qxa7 Qc6 27.
Qa3 Ra8 28. Qb3 Rxe1+ 29. Rxe1 Re8 30. Rf1 Kh8 31. Qd3 Nf4 32. Qd2 Nxg2 33.
Kxg2 Qxf3+ 34. Kg1 Qg2# 0-1

[Event "SR 5. liga SE-SI 2015/2016"]
[Site "?"]
[Date "2017.03.18"]
[Round "9.2"]
[White "Daniel, Jakub"]
[Black "Nater, Nikolas"]
[Result "0-1"]
[WhiteElo "1000"]
[BlackElo "1264"]
[PlyCount "66"]
[EventDate "2016.??.??"]

1. e4 e5 2. Nf3 Nc6 3. Nc3 Nf6 4. Bc4 Bc5 5. d3 d6 6. O-O Be6 7. Nd5 Bxd5 8.
Bxd5 Nxd5 9. exd5 Ne7 10. c4 Nf5 11. Ng5 h6 12. Qf3 hxg5 13. Qxf5 Qf6 14. Qxg5
Qxg5 15. Bxg5 f6 16. Be3 Bb6 17. b3 Kd7 18. Bxb6 axb6 19. h3 Ra3 20. f4 Rha8
21. Rf2 Rxb3 22. Rf3 Raa3 23. d4 Rxf3 24. gxf3 exd4 25. Kf2 Ra4 26. Ke2 Rxc4
27. Kd3 b5 28. f5 c5 29. dxc6+ bxc6 30. f4 c5 31. Ke4 Kc6 32. h4 Rc3 33. Re1
d5# 0-1

[Event "SR 5. liga SE-SI 2015/2016"]
[Site "?"]
[Date "2017.03.18"]
[Round "9.2"]
[White "Kaufmanova, Karin"]
[Black "Lanza, Matej"]
[Result "1-0"]
[WhiteElo "1000"]
[BlackElo "1000"]
[PlyCount "55"]
[EventDate "2016.??.??"]

1. e4 e5 2. Nf3 Nc6 3. Bc4 Nf6 4. Nc3 d6 5. d3 Be7 6. Bg5 h6 7. Be3 Bd7 8. Qd2
O-O 9. O-O-O Na5 10. Bd5 c6 11. Bc4 Nxc4 12. dxc4 d5 13. cxd5 cxd5 14. Nxd5
Nxd5 15. Qxd5 Bb5 16. Qxb5 a6 17. Qxe5 Bf6 18. Qg3 Bh4 19. Nxh4 Qb8 20. Qg4 Qc8
21. Nf5 g6 22. Nxh6+ Kg7 23. Nf5+ Kg8 24. Ne7+ Kh7 25. Nxc8 Raxc8 26. Qh4+ Kg7
27. Bd4+ Kg8 28. Qh8# 1-0

[Event "SR 5. liga SE-SI 2015/2016"]
[Site "?"]
[Date "2017.03.18"]
[Round "9.2"]
[White "Vyrubal, Ondrej"]
[Black "Otepka, Peter"]
[Result "0-1"]
[WhiteElo "1000"]
[BlackElo "1000"]
[PlyCount "34"]
[EventDate "2016.??.??"]

1. Nf3 Nc6 2. Nc3 Nf6 3. e4 e5 4. Bc4 h6 5. O-O d6 6. d3 Nd4 7. Nh4 Bg4 8. Qe1
g5 9. Nd1 Bxd1 10. Qxd1 gxh4 11. Be3 d5 12. c3 Bc5 13. Bxd5 Nxd5 14. exd5 Qxd5
15. c4 Qc6 16. b4 Rg8 17. bxc5 Qxg2# 0-1

[Event "SR 5. liga SE-SI 2015/2016"]
[Site "?"]
[Date "2017.03.18"]
[Round "9.3"]
[White "Kanka, Tomas"]
[Black "Tomasovic, Roman"]
[Result "1-0"]
[WhiteElo "1714"]
[BlackElo "1599"]
[PlyCount "56"]
[EventDate "2016.??.??"]

1. e4 e5 2. Nf3 Nc6 3. Bc4 Bc5 4. b4 Bxb4 5. c3 Ba5 6. d4 d6 7. Qb3 Qe7 8. d5
Bxc3+ 9. Nxc3 Nd4 10. Nxd4 exd4 11. Ne2 Qxe4 12. O-O Nf6 13. Ng3 Qe7 14. Bb5+
c6 15. dxc6 O-O 16. Bg5 Qe5 17. f4 Qc5 18. Rac1 Qb6 19. Qd3 Ng4 20. Be7 Be6 21.
Bxf8 Rxf8 22. cxb7 Qxb7 23. Ba6 Qb6 24. Rb1 Qa5 25. h3 Ne3 26. Rf2 Qc5 27. Ne4
Qa5 28. Nxd6 Rd8 1-0

[Event "SR 5. liga SE-SI 2015/2016"]
[Site "?"]
[Date "2017.03.18"]
[Round "9.3"]
[White "Klimesova, Lucia"]
[Black "Kastler, Peter"]
[Result "0-1"]
[WhiteElo "1509"]
[BlackElo "1751"]
[PlyCount "196"]
[EventDate "2016.??.??"]

1. e4 e6 2. Nc3 d5 3. exd5 exd5 4. d4 Nf6 5. Bg5 Be7 6. Nf3 Bg4 7. Bxf6 Bxf6 8.
Be2 O-O 9. Ne5 Bxe2 10. Qxe2 Re8 11. f4 Nc6 12. O-O-O Bxe5 13. dxe5 Ne7 14. Qf3
c6 15. g3 Ng6 16. Rhe1 Qc7 17. h4 Re7 18. h5 Nf8 19. Qg4 h6 20. Rd2 Rae8 21.
Rde2 Nd7 22. e6 Nf6 23. exf7+ Kxf7 24. Rxe7+ Rxe7 25. Qg6+ Kf8 26. Re2 Rxe2 27.
Nxe2 Qf7 28. Kd2 Nxh5 29. Qd6+ Kg8 30. Qb8+ Kh7 31. Qxa7 Nxg3 32. Qd4 Nxe2 33.
Kxe2 Qe6+ 34. Kd2 Qh3 35. b3 Qg2+ 36. Kc1 h5 37. Qd3+ Qe4 38. Qg3 d4 39. Qg5
Qg6 40. Qe5 h4 41. f5 Qg1+ 42. Kb2 Qe3 43. Qh2 Qg3 44. Qe2 Qf4 45. Qd3 Qe3 46.
Qf1 Qe5 47. Kb1 Kh6 48. Qc1+ Qe3 49. Qf1 Kg5 50. Qg2+ Qg3 51. Qe4 h3 52. Qxd4
Kxf5 53. Qc5+ Kg6 54. Qf8 Qg1+ 55. Kb2 Qd4+ 56. Kb1 h2 57. Qe8+ Kg5 58. Qe7+
Kg4 59. Qe6+ Kg3 60. Qg6+ Qg4 61. Qd3+ Kh4 62. Qh7+ Kg3 63. Qd3+ Kg2 64. Qd2+
Kh1 65. Kb2 Qg1 66. Qd3 Kg2 67. Qe4+ Kf2 68. Qd4+ Ke1 69. Qe4+ Kd2 70. Qd3+ Ke1
71. Qe4+ Kf2 72. Qd4+ Kf3 73. Qd3+ Kf4 74. Qd6+ Ke4 75. Qe6+ Kd4 76. Qc4+ Ke5
77. Qe2+ Kd6 78. Qd2+ Kc7 79. Qe2 Qd4+ 80. c3 Qd6 81. Qg2 Qe5 82. Kc2 g5 83. c4
g4 84. a4 g3 85. Kd3 Qf5+ 86. Kc3 Qf2 87. Qe4 g2 88. Qe7+ Kb6 89. Qb4+ Ka6 90.
c5 Qe1+ 91. Kc4 Qxb4+ 92. Kxb4 g1=Q 93. Ka3 Qxc5+ 94. Ka2 Ka5 95. b4+ Qxb4 96.
Ka1 h1=Q+ 97. Ka2 Qh2+ 98. Ka1 Qbb2# 0-1

[Event "SR 5. liga SE-SI 2015/2016"]
[Site "?"]
[Date "2017.03.18"]
[Round "9.3"]
[White "Zajicek, Ferdinand"]
[Black "Tomasovic, Pavol"]
[Result "1-0"]
[WhiteElo "1796"]
[BlackElo "1279"]
[PlyCount "83"]
[EventDate "2016.??.??"]

1. e4 e6 2. Nf3 d5 3. exd5 exd5 4. d4 Nf6 5. Nc3 Bb4 6. Bd2 O-O 7. Be2 c5 8.
O-O Nc6 9. dxc5 Bxc5 10. Na4 Bb6 11. Bg5 Be6 12. Nxb6 Qxb6 13. Bxf6 gxf6 14. b3
Rad8 15. Bd3 Ne5 16. Nh4 Bg4 17. Qd2 Nxd3 18. Qxd3 Kh8 19. Nf5 Bxf5 20. Qxf5
Qe6 21. Qf3 Rfe8 22. Rad1 Rd7 23. h3 Qc6 24. Rd2 d4 25. Qxc6 bxc6 26. b4 Re5
27. Rfd1 c5 28. a3 cxb4 29. axb4 Rc7 30. Rxd4 Rxc2 31. Rg4 Rg5 32. Rd7 Rxg4 33.
hxg4 Kg7 34. Rxa7 Rc4 35. b5 Rxg4 36. b6 Rb4 37. b7 f5 38. g3 h6 39. Kg2 Kf6
40. f4 Rb6 41. Kh3 Kg6 42. Ra6 1-0

[Event "SR 5. liga SE-SI 2015/2016"]
[Site "?"]
[Date "2017.03.18"]
[Round "9.3"]
[White "Klimesova, Gabriela"]
[Black "Papanek, Lubomir"]
[Result "0-1"]
[WhiteElo "1333"]
[BlackElo "1644"]
[PlyCount "82"]
[EventDate "2016.??.??"]

1. e4 e5 2. Nf3 Nc6 3. Bc4 Bc5 4. d3 Nf6 5. Nc3 a6 6. a4 d6 7. h3 O-O 8. O-O
Be6 9. Bg5 h6 10. Be3 Nd4 11. Bxd4 exd4 12. Ne2 Bxc4 13. dxc4 Nxe4 14. Nexd4
Bxd4 15. Qxd4 Ng5 16. Nxg5 Qxg5 17. Rfe1 Qf5 18. Qe4 Qc8 19. Rad1 Re8 20. Qd5
Rb8 21. c5 Rxe1+ 22. Rxe1 Qd7 23. cxd6 cxd6 24. b3 Kf8 25. Rd1 Rd8 26. c4 Qc6
27. c5 Qxd5 28. Rxd5 Ke7 29. Kf1 Ke6 30. Rxd6+ Rxd6 31. cxd6 Kxd6 32. Ke2 Kc5
33. Kd3 Kb4 34. Kc2 a5 35. f3 f5 36. g3 g5 37. h4 f4 38. gxf4 gxh4 39. f5 Kc5
40. Kd3 h3 41. f6 Kd6 0-1

[Event "SR 5. liga SE-SI 2015/2016"]
[Site "?"]
[Date "2017.03.18"]
[Round "9.3"]
[White "Mraz, Jan"]
[Black "Fajtakova, Silvia"]
[Result "1/2-1/2"]
[WhiteElo "1577"]
[BlackElo "1281"]
[PlyCount "82"]
[EventDate "2016.??.??"]

1. d4 d5 2. c4 c6 3. Nc3 e6 4. e3 Bb4 5. Bd2 Ne7 6. a3 Ba5 7. b4 Bc7 8. c5 O-O
9. g3 Ng6 10. Bg2 Nd7 11. Nge2 e5 12. O-O Nf6 13. a4 e4 14. Qb3 Bg4 15. b5 Qd7
16. b6 axb6 17. cxb6 Bd6 18. Ra2 Bf3 19. Nf4 Bxf4 20. exf4 Bxg2 21. Kxg2 Rfe8
22. h3 Re6 23. a5 Nf8 24. Na4 Ree8 25. Nc5 Qe7 26. Rfa1 Ne6 27. Be3 Nxc5 28.
dxc5 Ra6 29. Bd4 Nh5 30. Qe3 Nf6 31. g4 Nd7 32. Rh1 Nf8 33. f5 f6 34. h4 Nd7
35. g5 fxg5 36. Qxg5 Qf7 37. h5 Ne5 38. h6 g6 39. Bxe5 Rxe5 40. Qd8+ Re8 41.
Qg5 Re5 1/2-1/2

[Event "SR 5. liga SE-SI 2015/2016"]
[Site "?"]
[Date "2017.03.18"]
[Round "9.4"]
[White "Planka, Peter"]
[Black "Nemeckay, Dominik"]
[Result "1-0"]
[WhiteElo "1812"]
[BlackElo "1446"]
[PlyCount "59"]
[EventDate "2016.??.??"]

1. e4 e5 2. Nf3 Nc6 3. Bb5 Nf6 4. O-O a6 5. Ba4 b5 6. Bb3 d6 7. Re1 Na5 8. d3
Nxb3 9. axb3 Be7 10. h3 O-O 11. Nbd2 Bb7 12. Nf1 Qd7 13. Bd2 Rfe8 14. Ng3 Bd8
15. b4 c6 16. Nh2 d5 17. c3 Bc7 18. Bg5 Qd6 19. Nf5 Qe6 20. Bxf6 Qxf6 21. Ng4
Qg5 22. h4 Qg6 23. Re3 Kh8 24. Rg3 Qh5 25. Qf3 g6 26. Nfh6 Qxh4 27. Rh3 Qe7 28.
Nf6 Rf8 29. Nhg8 Rxg8 30. Rxh7# 1-0

[Event "SR 5. liga SE-SI 2015/2016"]
[Site "?"]
[Date "2017.03.18"]
[Round "9.4"]
[White "Harasta, Marian"]
[Black "Visvader, Rudolf"]
[Result "0-1"]
[WhiteElo "1619"]
[BlackElo "1242"]
[PlyCount "22"]
[EventDate "2016.??.??"]

1. d4 d5 2. c4 Nf6 3. Nc3 c6 4. Bg5 e6 5. Nf3 h6 6. Bh4 Be7 7. e3 O-O 8. Qc2
Ng4 9. cxd5 Bxh4 10. Nxh4 Qxh4 11. dxe6 Bxe6 0-1

[Event "SR 5. liga SE-SI 2015/2016"]
[Site "?"]
[Date "2017.03.18"]
[Round "9.4"]
[White "Buraj, Patrik"]
[Black "Davidik, Miroslav"]
[Result "0-1"]
[WhiteElo "1000"]
[BlackElo "1398"]
[PlyCount "56"]
[EventDate "2016.??.??"]

1. e4 d5 2. Nc3 d4 3. Nb5 e5 4. Nf3 Nc6 5. c3 a6 6. Qb3 axb5 7. Bxb5 dxc3 8.
dxc3 Bd6 9. Ng5 Qe7 10. Qc4 Bd7 11. Bxc6 Bxc6 12. b4 Nf6 13. b5 Bd7 14. Qb3 h6
15. Nf3 Nxe4 16. b6 cxb6 17. Qxb6 Bc6 18. c4 Bc5 19. Qb2 Bxf2+ 20. Kf1 f6 21.
Qb3 Bc5 22. Be3 Bxe3 23. Qxe3 O-O 24. Nd2 Nxd2+ 25. Qxd2 Qc5 26. Qc3 Rfd8 27.
Rb1 Rxa2 28. Ra1 Qf2# 0-1

[Event "SR 5. liga SE-SI 2015/2016"]
[Site "?"]
[Date "2017.03.18"]
[Round "9.4"]
[White "Spacek, Jan"]
[Black "Viveiros, Cristino"]
[Result "1-0"]
[WhiteElo "1129"]
[BlackElo "1000"]
[PlyCount "68"]
[EventDate "2016.??.??"]

1. e4 e5 2. Nf3 Nc6 3. Bc4 Nf6 4. d3 Bb4+ 5. c3 Bd6 6. Ng5 Bc5 7. Nxf7 Qe7 8.
Nxh8 d6 9. Nf7 Be6 10. Bxe6 Qxe6 11. Ng5 Qg8 12. Be3 h6 13. Nf3 O-O-O 14. Bxc5
dxc5 15. O-O c4 16. d4 exd4 17. Nxd4 Ne5 18. Re1 Nd3 19. Re2 Ng4 20. f3 Ngf2
21. Rxf2 Nxf2 22. Kxf2 g5 23. Qe2 Rd6 24. Nd2 Rc6 25. Nxc6 Qf8 26. Nxa7+ Kb8
27. Qe3 Qd6 28. g3 Qb6 29. Qxb6 cxb6 30. Nb5 h5 31. Nxc4 h4 32. gxh4 gxh4 33.
Rd1 Kc8 34. Nxb6+ Kb8 1-0

[Event "SR 3. liga A2 2016/2017"]
[Site "?"]
[Date "2016.10.16"]
[Round "1.1"]
[White "Kalmar, Tamas"]
[Black "Spacek, Oliver"]
[Result "1/2-1/2"]
[WhiteElo "2044"]
[BlackElo "2100"]
[PlyCount "84"]
[EventDate "2016.??.??"]

1. d4 Nf6 2. c4 c5 3. e3 b6 4. Nc3 e6 5. Be2 Bb7 6. Bf3 Nc6 7. Nge2 Qc7 8. O-O
a6 9. b3 h5 10. Bb2 O-O-O 11. Na4 Ng4 12. g3 Rh6 13. h3 Nf6 14. h4 Ng4 15. Nf4
f5 16. Kg2 Kb8 17. Rc1 g6 18. Qe2 Be7 19. Rh1 Rg8 20. Nh3 e5 21. d5 e4 22. Bxg4
hxg4 23. Nf4 Nd8 24. Rcd1 Nf7 25. Qd2 Bd6 26. a3 a5 27. Nc3 Ba6 28. Rc1 Ne5 29.
Qc2 Nf3 30. Nce2 Be5 31. Bxe5 Nxe5 32. Rb1 Qd6 33. Qc3 Kc7 34. Qb2 Rb8 35. a4
Rbh8 36. Qa1 Nf3 37. Kf1 g5 38. Ng2 gxh4 39. Nxh4 Nxh4 40. gxh4 Rxh4 41. Qxh8
Rxh8 42. Rxh8 Qe5 1/2-1/2

[Event "SR 3. liga A2 2016/2017"]
[Site "?"]
[Date "2016.10.16"]
[Round "1.1"]
[White "Hecko, Dusan"]
[Black "Veselsky, Jozef"]
[Result "0-1"]
[WhiteElo "2070"]
[BlackElo "2072"]
[PlyCount "76"]
[EventDate "2016.??.??"]

1. e4 c5 2. Nf3 Nc6 3. Bb5 g6 4. O-O Bg7 5. Nc3 Nf6 6. Re1 O-O 7. d3 d6 8. h3
Bd7 9. Be3 a6 10. Bxc6 Bxc6 11. Qd2 b5 12. Bh6 b4 13. Nd1 e6 14. Bxg7 Kxg7 15.
c3 a5 16. Ne3 Rb8 17. Rad1 Qc7 18. Nh2 Ng8 19. f4 f5 20. Nc4 Bb5 21. exf5 exf5
22. Nf3 h6 23. Re3 Rbe8 24. Rde1 Rxe3 25. Rxe3 Nf6 26. Nh4 Bxc4 27. dxc4 Ne4
28. Qd5 bxc3 29. bxc3 Qf7 30. Qd3 Rb8 31. g4 Re8 32. gxf5 gxf5 33. Nf3 Qg6+ 34.
Kf1 Qg3 35. Re2 Qxf4 36. Kg1 Kh7 37. Rg2 Nf6 38. Rb2 Qc1+ 0-1

[Event "SR 3. liga A2 2016/2017"]
[Site "?"]
[Date "2016.10.16"]
[Round "1.1"]
[White "Ivan, Imrich Ml"]
[Black "Nemeckay, Rastislav"]
[Result "1-0"]
[WhiteElo "1997"]
[BlackElo "2024"]
[PlyCount "119"]
[EventDate "2016.??.??"]

1. Nf3 Nf6 2. d4 d5 3. Bf4 Bf5 4. e3 e6 5. Bd3 Bxd3 6. cxd3 Bd6 7. Ne5 O-O 8.
O-O Bxe5 9. dxe5 Nfd7 10. Qg4 Qe7 11. Nc3 c6 12. Bg5 f6 13. exf6 Nxf6 14. Qg3
e5 15. f4 Nbd7 16. Rae1 e4 17. dxe4 dxe4 18. Ne2 Qf7 19. Bxf6 Nxf6 20. b3 Rad8
21. Nd4 c5 22. Nf5 Qd7 23. Qg5 g6 24. Ng3 Qd5 25. f5 Kg7 26. h4 Rh8 27. fxg6
Qxg5 28. hxg5 Nd5 29. Rf2 Rhf8 30. Rxf8 Rxf8 31. gxh7 Kxh7 32. Nxe4 b6 33. Nf6+
Nxf6 34. gxf6 Rxf6 35. g3 Kg6 36. Kg2 b5 37. e4 c4 38. bxc4 bxc4 39. Rc1 Ra6
40. Rxc4 Rxa2+ 41. Kf3 Kf6 42. Rc5 Ra1 43. Rf5+ Ke6 44. g4 a5 45. Rb5 a4 46.
Kf4 Rf1+ 47. Kg5 a3 48. Ra5 Re1 49. Rxa3 Rxe4 50. Rf3 Ke7 51. Kh5 Re1 52. g5
Ke6 53. g6 Rh1+ 54. Kg5 Rh2 55. Re3+ Kd7 56. Re4 Rg2+ 57. Kh6 Rh2+ 58. Kg7 Rh1
59. Kg8 Rh2 60. g7 1-0

[Event "SR 3. liga A2 2016/2017"]
[Site "?"]
[Date "2016.10.16"]
[Round "1.1"]
[White "Hanzluvka, Peter"]
[Black "Meszaros, Lorant"]
[Result "0-1"]
[WhiteElo "1935"]
[BlackElo "2024"]
[PlyCount "56"]
[EventDate "2016.??.??"]

1. e4 e5 2. Nf3 Nc6 3. Bb5 a6 4. Ba4 Nf6 5. d3 b5 6. Bb3 Be7 7. O-O d6 8. c3
Bg4 9. Bg5 O-O 10. Nbd2 h6 11. Be3 Na5 12. Bc2 c5 13. Re1 Nh7 14. h3 Bh5 15.
Nf1 Ng5 16. Kh2 Bxf3 17. gxf3 Qd7 18. Bxg5 Bxg5 19. Ne3 Nc6 20. Rg1 Bf4+ 21.
Kg2 Ne7 22. Bb3 Kh8 23. Bd5 Rab8 24. Rb1 f5 25. Qb3 Rf6 26. Kf1 Bxe3 27. fxe3
fxe4 28. Rg3 Nf5 0-1

[Event "SR 3. liga A2 2016/2017"]
[Site "?"]
[Date "2016.10.16"]
[Round "1.1"]
[White "Vegh, Vince"]
[Black "Danada, Ondrej"]
[Result "0-1"]
[WhiteElo "1958"]
[BlackElo "1871"]
[PlyCount "70"]
[EventDate "2016.??.??"]

1. e4 c6 2. d4 d5 3. Nc3 dxe4 4. Nxe4 Bf5 5. Ng3 Bg6 6. h4 h6 7. h5 Bh7 8. Nf3
Nd7 9. Bd3 Bxd3 10. Qxd3 Qc7 11. Bd2 Ngf6 12. O-O-O e6 13. Ne4 Nxe4 14. Qxe4
Bd6 15. Ne1 O-O-O 16. f4 c5 17. Nf3 Nf6 18. Qe3 Nd5 19. Qa3 Kb8 20. dxc5 Bxc5
21. Qa4 Be3 22. g3 Nb6 23. Qe4 Bxd2+ 24. Nxd2 Rd5 25. Nf3 Rhd8 26. Rxd5 Rxd5
27. Rd1 Rxh5 28. Ne5 f6 29. Qg6 Rh2 30. Qe8+ Nc8 31. Nd7+ Ka8 32. c3 Qc6 33.
Qd8 a6 34. a4 Ka7 35. a5 Qa4 0-1

[Event "SR 3. liga A2 2016/2017"]
[Site "?"]
[Date "2016.10.16"]
[Round "1.1"]
[White "Skapik, Branislav"]
[Black "Mezei, Tibor"]
[Result "1/2-1/2"]
[WhiteElo "1861"]
[BlackElo "1725"]
[PlyCount "66"]
[EventDate "2016.??.??"]

1. Nf3 d5 2. g3 Nc6 3. d4 Nf6 4. Bg2 Bf5 5. c3 e6 6. Bg5 h6 7. Bxf6 Qxf6 8.
Nbd2 Bd6 9. Qb3 Rb8 10. Nh4 Bh7 11. e4 dxe4 12. Nxe4 Qe7 13. O-O O-O 14. Rfe1
Rfe8 15. Nf3 Qd7 16. Nxd6 cxd6 17. c4 Ne7 18. Rad1 Rec8 19. c5 Nd5 20. cxd6 Bc2
21. Ne5 Qxd6 22. Qf3 f6 23. Qh5 fxe5 24. dxe5 Bxd1 25. Rxd1 Qc5 26. Qg6 Re8 27.
Be4 Ne7 28. Qh7+ Kf7 29. Rd7 Qc1+ 30. Kg2 Qg5 31. f4 Qg4 32. h3 Qe2+ 33. Kg1
Qe1+ 1/2-1/2

[Event "SR 3. liga A2 2016/2017"]
[Site "?"]
[Date "2016.10.16"]
[Round "1.1"]
[White "Sarkozi, Szabolcs"]
[Black "Ulehla, Jakub"]
[Result "1-0"]
[WhiteElo "1537"]
[BlackElo "1650"]
[PlyCount "49"]
[EventDate "2016.??.??"]

1. e4 c5 2. Nf3 Nc6 3. Nc3 g6 4. d4 cxd4 5. Nxd4 Bg7 6. Be3 d6 7. Qd2 Nf6 8.
Bc4 O-O 9. f3 a6 10. O-O-O Qc7 11. Bb3 Bd7 12. g4 b5 13. h4 b4 14. Nce2 a5 15.
Nxc6 Bxc6 16. h5 a4 17. Bc4 Rfb8 18. hxg6 Be8 19. gxh7+ Kh8 20. Bh6 Bxh6 21.
Qxh6 Bd7 22. g5 Ng4 23. fxg4 Qxc4 24. g6 fxg6 25. Nf4 1-0